UNDERSTANDING THE NEW STATISTICS EFFECT (Record no. 22149)

MARC details
000 -LEADER
fixed length control field 00331nam a2200133Ia 4500
008 - FIXED-LENGTH DATA ELEMENTS--GENERAL INFORMATION
fixed length control field 240624s9999 xx 000 0 und d
041 ## - LANGUAGE CODE
Language code of text/sound track or separate title eng
082 ## - DEWEY DECIMAL CLASSIFICATION NUMBER
Classification number 519.5 CUM
100 ## - MAIN ENTRY--PERSONAL NAME
Personal name CUMMING GEOFF
245 ## - TITLE STATEMENT
Title UNDERSTANDING THE NEW STATISTICS EFFECT
260 ## - PUBLICATION, DISTRIBUTION, ETC.
Date of publication, distribution, etc. 2011
Place of publication, distribution, etc. New York
Name of publisher, distributor, etc. Routledge
300 ## - PHYSICAL DESCRIPTION
Extent 535 : p.
365 ## - TRADE PRICE
Currency code GBP
Price amount 28
Holdings
Withdrawn status Lost status Damaged status Not for loan Home library Current library Shelving location Date acquired Source of acquisition Cost, normal purchase price Full call number Barcode Date last seen Copy number Price effective from Koha item type
        IMTN IMTN Rack 18-A 12/03/2013 TB 33.99 519.5 CUM 22149 06/24/2024 104.9 06/24/2024 Books
Designed & Maintained by: LRC IMT Nagpur Contact: lrc@imtnag.ac.in© 2024. All Rights Reserved.